000 00374nam a2200133Ia 4500
008 220217s9999||||xx |||||||||||||| ||und||
020 _a1-86152-616-4
082 _a658.45 BAR
100 _aBarnes, Stuart
_93069
245 0 _aKnowledge managemant systems: theory and practice
260 _aThomson learning
_bAustralia
_c2002
300 _b326
650 _aMANAGEMENT
999 _c170780
_d170780